00578nam a2200193 i 4500001000300000100001800003245008600021250001500107260005200122300002100174650003000195650004100225655002600266020001500292040000800307041000800315080002000323008004100343bg1 aBRAZIL, David10aPronunciation for advanced learners of English :bteacher's book /cDavid Brazil. a8th print. aCambridge :bCambridge University Press,c2004. a117 s. ;c23 cm. 9aJęzyk angielskixwymowa 9aJęzyk angielskixwymowaxnauczanie aĆwiczenia i zadania a052138799X cBPK0 aeng a811.111'355(07) s pl f |000 0 pol